[Event "British Rapidplay Championship 2023"]
[Site "Mercure Bradford, Bankfield Hotel"]
[Date "2023.04.16"]
[Round "9.2"]
[White "Deepak Ambattu, Rithvik"]
[Black "Hutchinson, Paul A"]
[Result "1/2-1/2"]
[TimeControl "All moves in 15 minutes plus 10 second increment per move from move 1"]
[WhiteElo "1782"]
[BlackElo "2123"]

1. e4 {[%clk 00:15:18]} {[%emt 00:00:02]} d5 {[%clk 00:15:19]} {[%emt
00:00:01]} 2. exd5 {[%clk 00:15:26]} {[%emt 00:00:15]} Qxd5 {[%clk 00:15:28]}
{[%emt 00:00:12]} 3. Nc3 {[%clk 00:15:33]} {[%emt 00:00:03]} Qa5 {[%clk
00:15:36]} {[%emt 00:00:14]} 4. d4 {[%clk 00:15:41]} {[%emt 00:00:01]} Nf6
{[%clk 00:15:43]} {[%emt 00:00:09]} 5. Nf3 {[%clk 00:15:50]} c6 {[%clk
00:15:52]} {[%emt 00:00:13]} 6. Bc4 {[%clk 00:15:59]} Bf5 {[%clk 00:15:48]}
{[%emt 00:00:30]} 7. Ne5 {[%clk 00:16:05]} {[%emt 00:00:02]} e6 {[%clk
00:15:54]} {[%emt 00:00:01]} 8. g4 {[%clk 00:16:04]} {[%emt 00:00:09]} Bg6
{[%clk 00:16:02]} {[%emt 00:00:01]} 9. h4 {[%clk 00:16:09]} {[%emt 00:00:03]}
Nbd7 {[%clk 00:15:49]} {[%emt 00:00:10]} 10. Nxg6 {[%clk 00:15:00]} {[%emt
00:00:46]} hxg6 {[%clk 00:15:56]} 11. Bb3 {[%clk 00:11:35]} {[%emt 00:03:15]}
Bb4 {[%clk 00:15:11]} {[%emt 00:00:55]} 12. Bd2 {[%clk 00:11:25]} {[%emt
00:00:19]} Nd5 {[%clk 00:15:19]} {[%emt 00:00:03]} 13. Ne4 {[%clk 00:10:34]}
{[%emt 00:01:01]} Bxd2+ {[%clk 00:15:25]} {[%emt 00:00:03]} 14. Qxd2 {[%clk
00:10:40]} {[%emt 00:00:05]} Qxd2+ {[%clk 00:15:32]} {[%emt 00:00:03]} 15. Kxd2
{[%clk 00:10:45]} {[%emt 00:00:05]} Ke7 {[%clk 00:15:40]} {[%emt 00:00:02]} 16.
Rae1 {[%clk 00:10:28]} {[%emt 00:00:26]} N7b6 {[%clk 00:15:09]} {[%emt
00:00:41]} 17. Nc5 {[%clk 00:10:15]} {[%emt 00:00:25]} Rab8 {[%clk 00:15:14]}
{[%emt 00:00:04]} 18. c3 {[%clk 00:09:45]} {[%emt 00:00:40]} Nf4 {[%clk
00:14:56]} {[%emt 00:00:28]} 19. Rh2 {[%clk 00:08:58]} {[%emt 00:00:57]} Nfd5
{[%clk 00:13:21]} {[%emt 00:01:44]} 20. Reh1 {[%clk 00:08:19]} {[%emt
00:00:49]} Nf6 {[%clk 00:12:19]} {[%emt 00:01:11]} 21. f3 {[%clk 00:08:02]}
{[%emt 00:00:29]} Nbd5 {[%clk 00:11:53]} {[%emt 00:00:36]} 22. Nd3 {[%clk
00:07:49]} {[%emt 00:00:23]} Rbd8 {[%clk 00:11:15]} {[%emt 00:00:48]} 23. Bc2
{[%clk 00:06:45]} {[%emt 00:01:15]} Nd7 {[%clk 00:10:37]} {[%emt 00:00:48]} 24.
Re1 {[%clk 00:05:03]} {[%emt 00:01:51]} N5f6 {[%clk 00:10:22]} {[%emt
00:00:25]} 25. Kc1 {[%clk 00:04:45]} {[%emt 00:00:28]} Rc8 {[%clk 00:09:56]}
{[%emt 00:00:36]} 26. Nf2 {[%clk 00:03:33]} {[%emt 00:01:22]} c5 {[%clk
00:10:01]} {[%emt 00:00:04]} 27. dxc5 {[%clk 00:03:30]} {[%emt 00:00:13]} Nxc5
{[%clk 00:10:08]} {[%emt 00:00:03]} 28. f4 {[%clk 00:03:32]} {[%emt 00:00:08]}
Nfd7 {[%clk 00:07:49]} {[%emt 00:02:30]} 29. Rh3 {[%clk 00:01:54]} {[%emt
00:01:48]} b6 {[%clk 00:06:13]} {[%emt 00:01:46]} 30. b4 {[%clk 00:01:17]}
{[%emt 00:00:47]} Nb7 {[%clk 00:06:20]} {[%emt 00:00:02]} 31. Kb2 {[%clk
00:01:14]} {[%emt 00:00:13]} Nd6 {[%clk 00:06:29]} {[%emt 00:00:03]} 32. Rd1
{[%clk 00:00:48]} {[%emt 00:00:35]} a5 {[%clk 00:05:32]} {[%emt 00:01:06]} 33.
Bb3 {[%clk 00:00:38]} {[%emt 00:00:21]} Nc4+ {[%clk 00:05:32]} {[%emt
00:00:10]} 34. Kb1 {[%clk 00:00:38]} {[%emt 00:00:11]} Nf6 {[%clk 00:05:04]}
{[%emt 00:00:37]} 35. Rd4 {[%clk 00:00:36]} {[%emt 00:00:12]} Na3+ {[%clk
00:05:03]} {[%emt 00:00:11]} 36. Kb2 {[%clk 00:00:41]} {[%emt 00:00:05]} Nb5
{[%clk 00:05:11]} {[%emt 00:00:02]} 37. Rdd3 {[%clk 00:00:38]} {[%emt
00:00:14]} Nd6 {[%clk 00:04:25]} {[%emt 00:00:55]} 38. Rd4 {[%clk 00:00:26]}
{[%emt 00:00:21]} Rhd8 {[%clk 00:04:15]} {[%emt 00:00:20]} 39. h5 {[%clk
00:00:21]} {[%emt 00:00:16]} gxh5 {[%clk 00:04:21]} {[%emt 00:00:04]} 40. g5
{[%clk 00:00:25]} {[%emt 00:00:06]} Ng4 {[%clk 00:04:13]} {[%emt 00:00:17]} 41.
Nxg4 {[%clk 00:00:31]} {[%emt 00:00:05]} hxg4 {[%clk 00:04:19]} {[%emt
00:00:04]} 42. Rg3 {[%clk 00:00:35]} {[%emt 00:00:06]} Nf5 {[%clk 00:04:18]}
{[%emt 00:00:12]} 43. Rxd8 {[%clk 00:00:44]} {[%emt 00:00:01]} Rxd8 {[%emt
00:00:02]} 44. Rxg4 {[%clk 00:00:52]} Rd2+ {[%clk 00:04:34]} {[%emt 00:00:02]}
45. Ka3 {[%clk 00:00:56]} {[%emt 00:00:07]} Rf2 {[%clk 00:04:31]} {[%emt
00:00:11]} 46. bxa5 {[%clk 00:00:58]} {[%emt 00:00:09]} bxa5 {[%clk 00:04:40]}
{[%emt 00:00:01]} 47. Ka4 {[%clk 00:01:07]} {[%emt 00:00:02]} Rf3 {[%clk
00:04:16]} {[%emt 00:00:33]} 48. Kxa5 {[%clk 00:01:11]} {[%emt 00:00:06]} Rxc3
{[%clk 00:04:24]} {[%emt 00:00:02]} 49. Kb4 {[%clk 00:00:46]} {[%emt 00:00:35]}
Rf3 {[%clk 00:04:32]} {[%emt 00:00:02]} 50. Kb5 {[%clk 00:00:39]} {[%emt
00:00:17]} Nd4+ {[%clk 00:04:39]} {[%emt 00:00:02]} 51. Kc4 {[%clk 00:00:46]}
{[%emt 00:00:03]} Ne2 {[%clk 00:04:41]} {[%emt 00:00:08]} 52. a4 {[%clk
00:00:39]} {[%emt 00:00:17]} Nxf4 {[%clk 00:02:41]} {[%emt 00:02:11]} 53. Bd1
{[%clk 00:00:32]} {[%emt 00:00:17]} Rf2 {[%clk 00:02:43]} {[%emt 00:00:08]} 54.
a5 {[%clk 00:00:38]} {[%emt 00:00:04]} Nd5 {[%clk 00:02:51]} {[%emt 00:00:02]}
55. Rg3 {[%clk 00:00:28]} {[%emt 00:00:20]} Ra2 {[%clk 00:02:58]} {[%emt
00:00:02]} 56. Kb5 {[%clk 00:00:36]} {[%emt 00:00:03]} Kd6 {[%clk 00:02:50]}
{[%emt 00:00:17]} 57. Rb3 {[%clk 00:00:29]} {[%emt 00:00:17]} f5 {[%clk
00:02:14]} {[%emt 00:00:47]} 58. Bf3 {[%clk 00:00:16]} {[%emt 00:00:22]} Nc7+
{[%clk 00:01:02]} {[%emt 00:01:24]} 59. Kb6 {[%clk 00:00:21]} {[%emt 00:00:05]}
Rd2 {[%clk 00:01:09]} {[%emt 00:00:02]} 60. a6 {[%clk 00:00:15]} {[%emt
00:00:16]} e5 {[%clk 00:01:10]} {[%emt 00:00:09]} 61. a7 {[%clk 00:00:17]}
{[%emt 00:00:08]} e4 {[%clk 00:01:18]} {[%emt 00:00:02]} 62. Bh5 {[%clk
00:00:20]} {[%emt 00:00:06]} f4 {[%clk 00:01:23]} {[%emt 00:00:05]} 63. Rb4
{[%clk 00:00:17]} {[%emt 00:00:14]} e3 {[%clk 00:00:13]} {[%emt 00:01:20]} 64.
Rxf4 {[%clk 00:00:18]} {[%emt 00:00:09]} Rb2+ {[%clk 00:00:21]} {[%emt
00:00:03]} 65. Ka5 {[%clk 00:00:24]} {[%emt 00:00:03]} Ra2+ {[%clk 00:00:26]}
{[%emt 00:00:05]} 66. Ra4 {[%clk 00:00:20]} {[%emt 00:00:15]} Rxa4+ {[%clk
00:00:17]} {[%emt 00:00:18]} 67. Kxa4 {[%clk 00:00:26]} {[%emt 00:00:04]} Kc6
{[%clk 00:00:26]} 68. Kb3 {[%clk 00:00:29]} {[%emt 00:00:07]} Kb7 {[%clk
00:00:31]} {[%emt 00:00:05]} 69. Bf3+ {[%clk 00:00:33]} {[%emt 00:00:06]} Kxa7
{[%clk 00:00:40]} {[%emt 00:00:02]} 70. Kc3 {[%clk 00:00:41]} Ne6 {[%clk
00:00:42]} {[%emt 00:00:08]} 71. Kd3 {[%clk 00:00:46]} {[%emt 00:00:04]} Nxg5
{[%clk 00:00:50]} {[%emt 00:00:03]} 72. Kxe3 {[%clk 00:00:55]} {[%emt
00:00:01]} Kb6 {[%clk 00:00:51]} {[%emt 00:00:09]} 73. Bg4 {[%clk 00:01:00]}
{[%emt 00:00:05]} Kc7 {[%clk 00:00:59]} {[%emt 00:00:02]} 74. Kf4 {[%clk
00:01:07]} {[%emt 00:00:03]} Nh7 {[%clk 00:01:05]} {[%emt 00:00:04]} 75. Bf5
{[%clk 00:01:09]} {[%emt 00:00:08]} Nf8 {[%clk 00:01:14]} 76. Kg5 {[%clk
00:01:11]} {[%emt 00:00:08]} Kd6 {[%clk 00:01:23]} {[%emt 00:00:01]} 77. Bb1
{[%clk 00:01:15]} {[%emt 00:00:06]} Ke7 {[%clk 00:01:27]} {[%emt 00:00:06]} 78.
Ba2 {[%clk 00:01:23]} {[%emt 00:00:02]} Nd7 {[%clk 00:01:34]} {[%emt 00:00:03]}
79. Bb3 {[%clk 00:01:26]} {[%emt 00:00:07]} Ne5 {[%clk 00:01:30]} {[%emt
00:00:13]} 80. Kf5 {[%clk 00:01:26]} {[%emt 00:00:11]} Nc6 {[%clk 00:01:28]}
{[%emt 00:00:12]} 81. Bd5 {[%clk 00:01:33]} {[%emt 00:00:02]} Nd8 {[%clk
00:01:31]} {[%emt 00:00:08]} 82. Kg6 {[%clk 00:01:32]} {[%emt 00:00:09]} Kf8
{[%clk 00:01:40]} {[%emt 00:00:03]} 83. Kg5 {[%clk 00:01:31]} {[%emt 00:00:09]}
Nf7+ {[%clk 00:01:48]} {[%emt 00:00:03]} 84. Bxf7 {[%clk 00:01:30]} {[%emt
00:00:11]} Kxf7 {[%clk 00:01:57]} {[%emt 00:00:02]} 85. Kf5 {[%clk 00:01:39]}
{[%emt 00:00:01]} g6+ {[%clk 00:02:06]} 86. Kg5 {[%clk 00:01:48]} {[%emt
00:00:01]} Kg7 {[%clk 00:02:15]} {[%emt 00:00:02]} 87. Kg4 {[%clk 00:01:56]}
Kf6 {[%clk 00:02:23]} {[%emt 00:00:02]} 88. Kf4 {[%clk 00:02:04]} {[%emt
00:00:02]} Kf7 {[%clk 00:02:28]} {[%emt 00:00:04]} 89. Kg5 {[%clk 00:02:11]}
{[%emt 00:00:04]} Kg7 {[%clk 00:02:37]} {[%emt 00:00:01]} 90. Kg4 {[%clk
00:02:20]} Kf6 {[%clk 00:02:43]} {[%emt 00:00:04]} 91. Kf4 {[%clk 00:02:28]}
{[%emt 00:00:02]} g5+ {[%clk 00:02:51]} {[%emt 00:00:02]} 92. Kg4 {[%clk
00:02:37]} {[%emt 00:00:01]} Kg6 {[%clk 00:03:00]} {[%emt 00:00:01]} 93. Kg3
{[%clk 00:02:46]} Kf5 {[%clk 00:03:08]} {[%emt 00:00:02]} 94. Kf3 {[%clk
00:02:55]} {[%emt 00:00:01]} g4+ {[%clk 00:03:17]} 95. Kg3 {[%clk 00:03:03]}
{[%emt 00:00:02]} Kg5 {[%clk 00:03:26]} {[%emt 00:00:01]} 96. Kg2 {[%clk
00:03:11]} Kf4 {[%clk 00:03:32]} {[%emt 00:00:05]} 97. Kf2 {[%clk 00:03:20]}
g3+ {[%clk 00:03:41]} {[%emt 00:00:01]} 98. Kg2 {[%clk 00:03:28]} {[%emt
00:00:02]} Kg4 {[%clk 00:03:50]} {[%emt 00:00:01]} 99. Kg1 {[%clk 00:03:37]}
Kf3 {[%clk 00:03:59]} {[%emt 00:00:01]} 100. Kf1 {[%clk 00:03:45]} {[%emt
00:00:02]} g2+ {[%clk 00:04:06]} {[%emt 00:00:02]} 101. Kg1 {[%clk 00:04:04]}
{[%emt 00:00:01]} Kg3 {[%clk 00:04:24]} {[%emt 00:00:01]} 1/2-1/2

[Event "British Rapidplay Championship 2023"]
[Site "Mercure Bradford, Bankfield Hotel"]
[Date "2023.04.16"]
[Round "9.3"]
[White "Bak, Christopher"]
[Black "Rogers, Bernard A"]
[Result "1-0"]
[TimeControl "All moves in 15 minutes plus 10 second increment per move from move 1"]
[WhiteElo "1947"]
[BlackElo "1772"]

1. e4 {[%clk 00:15:16]} {[%emt 00:00:03]} e5 {[%clk 00:14:07]} {[%emt
00:02:02]} 2. Nf3 {[%clk 00:15:23]} {[%emt 00:00:02]} Nc6 {[%clk 00:14:16]}
{[%emt 00:00:01]} 3. c3 {[%clk 00:15:31]} {[%emt 00:00:01]} Nf6 {[%clk
00:14:14]} {[%emt 00:00:05]} 4. d4 {[%clk 00:15:38]} {[%emt 00:00:03]} exd4
{[%clk 00:14:23]} {[%emt 00:00:02]} 5. e5 {[%clk 00:15:45]} {[%emt 00:00:02]}
Nd5 {[%clk 00:14:28]} {[%emt 00:00:04]} 6. cxd4 {[%clk 00:15:53]} {[%emt
00:00:02]} Bb4+ {[%clk 00:14:36]} 7. Bd2 {[%clk 00:16:01]} Bxd2+ {[%clk
00:14:33]} {[%emt 00:00:06]} 8. Nbxd2 {[%clk 00:16:09]} {[%emt 00:00:02]} O-O
{[%clk 00:14:38]} {[%emt 00:00:03]} 9. Qb3 {[%clk 00:16:01]} {[%emt 00:00:09]}
Nde7 {[%clk 00:14:36]} {[%emt 00:00:06]} 10. Bd3 {[%clk 00:14:25]} {[%emt
00:01:24]} d5 {[%clk 00:14:26]} {[%emt 00:00:20]} 11. Qc2 {[%clk 00:14:23]}
{[%emt 00:00:12]} h6 {[%clk 00:14:32]} {[%emt 00:00:05]} 12. a3 {[%clk
00:14:29]} {[%emt 00:00:04]} Bg4 {[%clk 00:14:23]} {[%emt 00:00:19]} 13. h3
{[%clk 00:14:23]} {[%emt 00:00:15]} Bh5 {[%clk 00:14:31]} {[%emt 00:00:02]} 14.
O-O {[%clk 00:13:53]} {[%emt 00:00:40]} Bg6 {[%clk 00:14:39]} {[%emt 00:00:03]}
15. Rac1 {[%clk 00:12:49]} {[%emt 00:01:13]} Bxd3 {[%clk 00:14:45]} {[%emt
00:00:05]} 16. Qxd3 {[%clk 00:12:57]} {[%emt 00:00:02]} Ng6 {[%clk 00:14:42]}
{[%emt 00:00:13]} 17. Nb3 {[%clk 00:12:38]} {[%emt 00:00:29]} Nf4 {[%clk
00:13:55]} {[%emt 00:00:57]} 18. Qd2 {[%clk 00:11:44]} {[%emt 00:01:03]} Ne6
{[%clk 00:14:03]} {[%emt 00:00:02]} 19. Nc5 {[%clk 00:11:36]} {[%emt 00:00:18]}
Nxc5 {[%clk 00:14:11]} {[%emt 00:00:03]} 20. Rxc5 {[%clk 00:11:44]} {[%emt
00:00:02]} Ne7 {[%clk 00:13:36]} {[%emt 00:00:45]} 21. Qb4 {[%clk 00:11:14]}
{[%emt 00:00:39]} Rb8 {[%clk 00:13:27]} {[%emt 00:00:20]} 22. Qa4 {[%clk
00:11:14]} {[%emt 00:00:10]} a6 {[%clk 00:13:18]} {[%emt 00:00:19]} 23. b4
{[%clk 00:11:01]} {[%emt 00:00:23]} c6 {[%clk 00:13:22]} {[%emt 00:00:06]} 24.
Qc2 {[%clk 00:11:08]} {[%emt 00:00:02]} Qd7 {[%clk 00:11:44]} {[%emt 00:01:49]}
25. a4 {[%clk 00:10:59]} {[%emt 00:00:19]} Rfc8 {[%clk 00:11:34]} {[%emt
00:00:20]} 26. Rb1 {[%clk 00:10:42]} {[%emt 00:00:27]} b5 {[%clk 00:11:01]}
{[%emt 00:00:43]} 27. Ra1 {[%clk 00:09:21]} {[%emt 00:01:31]} Ra8 {[%clk
00:10:08]} {[%emt 00:01:04]} 28. Nh4 {[%clk 00:08:47]} {[%emt 00:00:43]} a5
{[%clk 00:07:43]} {[%emt 00:02:35]} 29. axb5 {[%clk 00:08:29]} {[%emt
00:00:27]} cxb5 {[%clk 00:07:47]} {[%emt 00:00:07]} 30. bxa5 {[%clk 00:06:51]}
{[%emt 00:01:48]} Rxc5 {[%clk 00:07:48]} {[%emt 00:00:09]} 31. Qxc5 {[%clk
00:06:26]} {[%emt 00:00:35]} Rc8 {[%clk 00:07:55]} {[%emt 00:00:03]} 32. Qb6
{[%clk 00:06:02]} {[%emt 00:00:34]} Rc6 {[%clk 00:07:45]} {[%emt 00:00:19]} 33.
Qb8+ {[%clk 00:06:01]} {[%emt 00:00:12]} Kh7 {[%clk 00:07:54]} {[%emt
00:00:02]} 34. a6 {[%clk 00:05:44]} {[%emt 00:00:27]} Rc8 {[%clk 00:07:51]}
{[%emt 00:00:12]} 35. a7 {[%clk 00:05:34]} {[%emt 00:00:20]} 1-0

[Event "British Rapidplay Championship 2023"]
[Site "Mercure Bradford, Bankfield Hotel"]
[Date "2023.04.16"]
[Round "9.4"]
[White "Ortiz Sanchez, Luis"]
[Black "Graff, Ben"]
[Result "1-0"]
[TimeControl "All moves in 15 minutes plus 10 second increment per move from move 1"]
[WhiteElo "2067"]
[BlackElo "1658"]

1. d4 {[%clk 00:15:17]} {[%emt 00:00:01]} f5 {[%clk 00:15:16]} {[%emt
00:00:10]} 2. Nc3 {[%clk 00:14:40]} {[%emt 00:01:02]} Nf6 {[%clk 00:15:22]}
{[%emt 00:00:01]} 3. e4 {[%clk 00:14:16]} {[%emt 00:00:21]} fxe4 {[%clk
00:15:10]} {[%emt 00:00:12]} 4. Bg5 {[%clk 00:14:24]} {[%emt 00:00:02]} e3
{[%clk 00:14:13]} {[%emt 00:00:29]} 5. fxe3 {[%clk 00:14:20]} {[%emt 00:00:15]}
g6 {[%clk 00:13:24]} {[%emt 00:00:58]} 6. Nf3 {[%clk 00:14:07]} {[%emt
00:00:24]} Bg7 {[%clk 00:13:10]} {[%emt 00:00:23]} 7. Bc4 {[%clk 00:13:59]}
{[%emt 00:00:18]} b6 {[%clk 00:12:33]} {[%emt 00:00:47]} 8. Qe2 {[%clk
00:13:39]} {[%emt 00:00:30]} a5 {[%clk 00:12:13]} {[%emt 00:00:29]} 9. e4
{[%clk 00:13:33]} {[%emt 00:00:18]} Ba6 {[%clk 00:11:13]} {[%emt 00:01:09]} 10.
e5 {[%clk 00:13:37]} {[%emt 00:00:06]} Bxc4 {[%clk 00:11:02]} {[%emt 00:00:21]}
11. Qxc4 {[%clk 00:13:45]} {[%emt 00:00:03]} d5 {[%clk 00:08:59]} {[%emt
00:02:11]} 12. Qa4+ {[%clk 00:13:33]} {[%emt 00:00:23]} Nbd7 {[%clk 00:07:22]}
{[%emt 00:01:48]} 13. exf6 {[%clk 00:13:30]} {[%emt 00:00:12]} exf6 {[%clk
00:07:26]} {[%emt 00:00:05]} 14. Bf4 {[%clk 00:13:25]} {[%emt 00:00:17]} O-O
{[%clk 00:06:39]} {[%emt 00:00:57]} 15. O-O {[%clk 00:13:14]} {[%emt 00:00:21]}
g5 {[%clk 00:06:26]} {[%emt 00:00:22]} 16. Bg3 {[%clk 00:13:17]} {[%emt
00:00:07]} g4 {[%clk 00:05:42]} {[%emt 00:00:54]} 17. Nh4 {[%clk 00:13:07]}
{[%emt 00:00:21]} c5 {[%clk 00:04:44]} {[%emt 00:01:08]} 18. Nxd5 {[%clk
00:13:04]} {[%emt 00:00:13]} cxd4 {[%clk 00:04:41]} {[%emt 00:00:12]} 19. Nc7
{[%clk 00:12:52]} {[%emt 00:00:23]} Rc8 {[%clk 00:04:11]} {[%emt 00:00:40]} 20.
Ne6 {[%clk 00:13:00]} {[%emt 00:00:02]} Qe7 {[%clk 00:04:09]} {[%emt 00:00:11]}
21. Nxf8 {[%clk 00:12:59]} {[%emt 00:00:11]} Kxf8 {[%clk 00:03:41]} {[%emt
00:00:37]} 22. Nf5 {[%clk 00:12:40]} {[%emt 00:00:30]} Qe4 {[%clk 00:03:08]}
{[%emt 00:00:44]} 23. Qxd7 {[%clk 00:12:27]} {[%emt 00:00:22]} 1-0

[Event "British Rapidplay Championship 2023"]
[Site "Mercure Bradford, Bankfield Hotel"]
[Date "2023.04.16"]
[Round "9.5"]
[White "Keerthi Kumar, Advait"]
[Black "Pink, Joshua"]
[Result "1-0"]
[TimeControl "All moves in 15 minutes plus 10 second increment per move from move 1"]
[WhiteElo "1455"]
[BlackElo "1988"]

1. e4 {[%clk 00:15:19]} d6 {[%clk 00:15:05]} {[%emt 00:00:46]} 2. d4 {[%clk
00:15:28]} {[%emt 00:00:12]} f5 {[%clk 00:15:12]} {[%emt 00:00:13]} 3. exf5
{[%clk 00:15:26]} {[%emt 00:00:31]} Bxf5 {[%clk 00:15:16]} {[%emt 00:00:01]} 4.
Nf3 {[%clk 00:15:31]} {[%emt 00:00:05]} Nf6 {[%clk 00:15:21]} {[%emt 00:00:03]}
5. Bd3 {[%clk 00:15:40]} {[%emt 00:00:01]} Qd7 {[%clk 00:15:27]} {[%emt
00:00:01]} 6. O-O {[%clk 00:15:48]} g6 {[%clk 00:15:31]} {[%emt 00:00:03]} 7.
c3 {[%clk 00:15:55]} {[%emt 00:00:02]} Bg7 {[%clk 00:15:36]} {[%emt 00:00:01]}
8. Re1 {[%clk 00:16:03]} {[%emt 00:00:02]} O-O {[%clk 00:15:39]} {[%emt
00:00:03]} 9. Bxf5 {[%clk 00:16:03]} {[%emt 00:00:05]} Qxf5 {[%clk 00:15:43]}
{[%emt 00:00:02]} 10. Rxe7 {[%clk 00:16:00]} {[%emt 00:00:13]} Nd5 {[%clk
00:15:21]} {[%emt 00:00:17]} 11. Re1 {[%clk 00:16:01]} {[%emt 00:00:05]} Nc6
{[%clk 00:15:24]} {[%emt 00:00:03]} 12. Be3 {[%clk 00:15:55]} {[%emt 00:00:05]}
Rae8 {[%clk 00:15:09]} {[%emt 00:00:11]} 13. Na3 {[%clk 00:15:56]} {[%emt
00:00:10]} Nxe3 {[%clk 00:14:58]} {[%emt 00:00:20]} 14. fxe3 {[%clk 00:16:06]}
Bh6 {[%clk 00:14:33]} {[%emt 00:00:35]} 15. Nc2 {[%clk 00:15:53]} {[%emt
00:00:23]} d5 {[%clk 00:14:26]} {[%emt 00:00:17]} 16. Kh1 {[%clk 00:15:47]}
{[%emt 00:00:16]} Re7 {[%clk 00:14:17]} {[%emt 00:00:19]} 17. Re2 {[%clk
00:15:28]} {[%emt 00:00:30]} Rfe8 {[%clk 00:14:24]} {[%emt 00:00:02]} 18. Qg1
{[%clk 00:15:31]} {[%emt 00:00:07]} Qd3 {[%clk 00:13:57]} {[%emt 00:00:37]} 19.
Rae1 {[%clk 00:15:21]} {[%emt 00:00:20]} a5 {[%clk 00:13:08]} {[%emt 00:00:59]}
20. h3 {[%clk 00:14:55]} {[%emt 00:00:37]} Re4 {[%clk 00:12:48]} {[%emt
00:00:26]} 21. Nh2 {[%clk 00:14:16]} {[%emt 00:00:52]} Bg5 {[%clk 00:11:39]}
{[%emt 00:01:19]} 22. Ng4 {[%clk 00:14:14]} {[%emt 00:00:12]} Bh4 {[%clk
00:11:20]} {[%emt 00:00:30]} 23. g3 {[%clk 00:13:53]} {[%emt 00:00:31]} Bg5
{[%clk 00:11:27]} {[%emt 00:00:02]} 24. Nf2 {[%clk 00:13:59]} {[%emt 00:00:05]}
Qb5 {[%clk 00:09:36]} {[%emt 00:02:01]} 25. Nxe4 {[%clk 00:14:01]} {[%emt
00:00:08]} Rxe4 {[%clk 00:09:44]} {[%emt 00:00:02]} 26. Qg2 {[%clk 00:13:44]}
{[%emt 00:00:27]} Qb4 {[%emt 00:00:17]} 27. b3 Qxb3 {[%clk 00:09:36]} 28. Nb4
{[%clk 00:13:35]} {[%emt 00:00:17]} Qxc3 {[%clk 00:09:33]} {[%emt 00:00:16]} 29.
Nxd5 {[%clk 00:13:44]} Qd3 {[%clk 00:08:24]} {[%emt 00:01:18]} 30. Rd2 {[%clk
00:13:47]} {[%emt 00:00:07]} Rxe3 {[%clk 00:07:55]} {[%emt 00:00:40]} 31. Rxd3
{[%clk 00:13:53]} {[%emt 00:00:04]} Rxe1+ {[%clk 00:08:03]} {[%emt 00:00:02]}
32. Kh2 {[%clk 00:14:01]} {[%emt 00:00:01]} Nd8 {[%clk 00:07:33]} {[%emt
00:00:41]} 33. Nf4 {[%clk 00:13:58]} {[%emt 00:00:12]} Rb1 {[%clk 00:07:28]}
{[%emt 00:00:16]} 34. h4 {[%clk 00:13:56]} {[%emt 00:00:12]} Be7 {[%clk
00:07:35]} {[%emt 00:00:03]} 35. Re3 {[%clk 00:13:56]} {[%emt 00:00:10]} Kf7
{[%clk 00:07:28]} {[%emt 00:00:17]} 36. Rxe7+ {[%clk 00:14:01]} {[%emt
00:00:05]} Kxe7 {[%clk 00:07:36]} {[%emt 00:00:01]} 37. Qe4+ {[%clk 00:14:10]}
{[%emt 00:00:02]} 1-0